01647nam a2200325 i 4500001001000000003000900010005001700019007000300036008004100039020001800080040003000098082000700128100004500135245008400180264008100264300005400345336002700399337003300426338002800459500005400487590002600541910001500567942001400582952013500596952013500731952012300866952012900989952018601118999001701304000036180DO-SdBNP20240418073801.0ta120110s2012 dr 000 0 spa d a9789993475248 aDO-SdBNPbspacBNPHUerda 42221 aCollado, Miguel A.,d1954-eautor92469613aLa mentira es una telaraña :b(reflexiones y pensamientos) /cMiguel Collado. aSanto Domingo :bCentro de Comunicaciones Bibliográficas (CEDIBIL),c2012. a175 páginas :bilustraciones, retratos ;c2012. 2rdacontentatextobtxt 2rdamediaasin mediaciónbn 2rdacarrieravolumenbnc aIncluye datos biográfico del autor en la solapa aInventariado, 2023/BT aBtavárez 2ddccLBS1 00102ddc56708DSaBNPHUbBNPHUcCTd2012-01-10l0o BNPHU DS p36180-30r2020-06-25te. 3w2020-06-25yLBS1ZPréstamo en sala 00102ddc56708DSaBNPHUbBNPHUcCTd2015-01-09l0o BNPHU DS p36180-40r2020-06-25te. 4w2020-06-25yLBS1ZPréstamo en sala 00102ddc51708PDaBNPHUbBNPHUcCTd2012-01-10l0o BNPHU PD p36180-10r2020-06-25w2020-06-25yLBS1ZNo se presta 00102ddc51708PDaBNPHUbBNPHUcCTd2012-01-10l0o BNPHU PD p36180-20r2020-06-25te. 2w2020-06-25yLBS1ZNo se presta 00102ddc56708DSaBNPHUbBNPHUcCTd2023-09-25eDonaciónl0oBNPHU DS p2023-6367r2023-09-25te.5w2023-09-25yLBS1zPerteneció a la biblioteca personal de Bárbara Suncar. c35671d35671